| 000 | 01657cam a22004934i 4500 | ||
|---|---|---|---|
| 003 | PE-LiUPU | ||
| 005 | 20250731184534.0 | ||
| 008 | 150623s r 000 0 d | ||
| 020 | _a1565634764 | ||
| 035 | _a(Sirsi) i9781565634763 | ||
| 040 |
_aPE-LiUPU _bspa _cPE-LiUPU _erda |
||
| 049 | _aPRUA | ||
| 082 | 0 | 4 |
_a933.03 _bT27 _221 |
| 100 | 1 |
_aTcherikover, Victor, _d, d. 1958, _eautor. |
|
| 245 | 1 | 0 |
_aHellenistic civilization and the Jews / _cVictor Tcherikover; Traducido por S. Applebaum. |
| 264 | 1 |
_aPeabody, Massachusetts : _bHendrickson Publishers, _c1999. |
|
| 300 |
_a563 páginas ; _c22 centímetros |
||
| 336 |
_atext _2rdacontent |
||
| 337 |
_aunmediated _2rdamedia |
||
| 338 |
_avolume _2rdacarrier |
||
| 504 | _aIncluye bibliografía. | ||
| 505 | 0 | _aHellenistic Civilization in Palestine. -Hellenistic Civilization in the Diaspora. | |
| 526 | _aP136 | ||
| 526 | _aP135 | ||
| 526 | _aP134 | ||
| 526 | _aP133 | ||
| 526 | _aP144 | ||
| 526 | _aP143 | ||
| 526 | _aP87 | ||
| 526 | _aP35 | ||
| 526 | _aP20 | ||
| 526 | _aP14 | ||
| 526 | _aP10 | ||
| 526 | _aP06 | ||
| 650 | 0 | 4 |
_aGrecia _xHistoria _y146 a. C.-323 d. C. |
| 650 | 0 | 4 |
_aHelenismo. _91324 |
| 650 | 0 | 4 |
_aJudios _xHistoria _y586 a. C.-70 d. C. |
| 942 |
_2ddc _cBOOK |
||
| 949 |
_a933.03 T27 _wDEWEY _c1 _i47996 _lCCODEBUL1 _mBUL _r0 _sY _tBOOK _u2015-6-24 _xTEOLOGIA _PP35 _0COMPRA _o.STAFF. Colección General |
||
| 994 |
_aC0 _bPEPRU |
||
| 596 | _a1 | ||
| 999 |
_a933.03 T27 _wDEWEY _c24472 _i47996 _f2021-11-11 _g5 _lCCODEBUL1 _mBUL _r0 _sY _tBOOK _u2015-6-24 _xTEOLOGIA _PP35 _0COMPRA _o.STAFF. Colección General _d24472 |
||
| 980 |
_81 _gALBERTO SANCHEZ Responsable de Automatización |
||